| 000 | 00377 a2200133 4500 | ||
|---|---|---|---|
| 001 | 91533 | ||
| 082 | _aPR 1488 | ||
| 090 |
_c43669 _d43668 |
||
| 100 | _aJavaid Asghar; Prof Fareed Gul, Advisor | ||
| 245 |
_aTo Modify Mushshak Flap Control System from Mechanical to Electrical _n57 "B" EC |
||
| 260 |
_aRawalpindi _bNUST _c2003 |
||
| 300 | _a47p | ||
| 500 | _aBE Project Reports | ||
| 942 |
_aCAE NUST _kPR 1488 |
||
| 999 |
_c326606 _d326606 |
||